Visualizzazione normale
Vista MARC
- Bartholomew
di Personal Name
Records bibliografici associati: 1
001 - CONTROL NUMBER
- control field: 16420
003 - CONTROL NUMBER IDENTIFIER
- control field: IT-RoPau
005 - DATE AND TIME OF LATEST TRANSACTION
- control field: 20140313164209.0
008 - FIXED-LENGTH DATA ELEMENTS
- fixed length control field: 140313|| aca||aabn | a|a d
040 ## - CATALOGING SOURCE
- Original cataloging agency: IT-RoPau
- Transcribing agency: IT-RoPau
100 ## - HEADING--PERSONAL NAME
- Personal name: Bartholomew
- Miscellaneous information: Codice autore musica SPICS: 31332
- Relator term: Autore musica
- Name of part/section of a work: One Night
670 ## - SOURCE DATA FOUND
- Source citation: Work cat.: (IT-RoPau)98885: Presley Elvis 16397, Elvis Presley-The Collection vol.1